00372nam a2200145Ia 4500008004100000020001800041041000800059082001200067100001100079245005200090260003200142300000900174500001700183650002600200220803s9999 xx 000 0 und d a1-84442-630-0 aeng a722 HIN aHind R aSacred Places : Sites Of Spirituality And Faith aLondonbCarlton Booksc2007 a256p aArchitecture aArchitectural History